OECD Economic Surveys: South Africa 2017 July 2017

Saved in:
Bibliographic Details
Format: Book
Language:English
Published: Paris OECD 2017
Series:OECD Economic Surveys
Subjects:
Tags: Add Tag
No Tags, Be the first to tag this record!

MARC

LEADER 00000nam a2200000 4500
001 0241063
005 20240314123307.8
020 |a 978-92-64-27913-1 
041 0 |a eng 
044 |a FR 
245 1 0 |a OECD Economic Surveys: South Africa 2017  |b July 2017 
264 1 |a Paris  |b OECD  |c 2017 
300 |a 153 s. 
490 1 |a OECD Economic Surveys 
830 0 |a OECD Economic Surveys 
610 2 0 |a situácia hospodárska 
610 2 0 |a nezamestnanosť 
610 2 0 |a politika hospodárska 
610 2 0 |a spolupráca regionálna 
610 2 0 |a start-up 
610 2 0 |a podnikanie malé 
610 2 0 |a podnikanie stredné 
610 2 0 |a rozvoj trvalo udržateľný 
610 2 0 |a Juhoafrická republika